000 00886nam a2200169Ia 4500
008 0000002007 sp 0000000000spa00
090 _aPSP05 S91p
100 1 _aSycet, Pablo
_d1953
245 1 0 _aPor vivir aquí [Música],canciones para una exposición
_b: Los papeles de Olont 19822007
_c/ Pablo Sycet
300 _a1 disco compacto son., estereo (57 min.)
_c/ 13 cm.
500 _aEste disco es material acompañante del catálogo titulado: Los papeles de Olont. Consultarlo con clasificación: PSP00 S91p
505 _aCANCIONES: Demasiado tiempo Sentir Prisionero En el nombre del amor LA llamada de tu sangre Por vivir aqu Palabras Capital del dolor
650 1 4 _aARTE Y MUSICA DISCOS COMPACTOS
650 1 4 _aMUSICA EN EL ARTE DISCOS COMPACTOS
999 _c14254
_d14254
260 _aEspaña : Habana Proyectos Musicales
_c2007